000
00292nam a2200109Ia 4500
005
20251222153558.0
008
251222s9999||||xx |||||||||||||| ||spa||
082
_a
519.5/M18
100
_a
"Majó Torrent, Juan"
245
0
_a
Estadística matemática y célculo numérico-gráfico
942
_c
LIB
999
_c
31123
_d
31123